Cinéma: Quel acteur (ou actrice) incarne... - Statistiques

Statistiques générales
  • Ce quiz a été pris 2 888 fois
  • Le résultat moyen est 11 sur 20
Statistiques - réponses
Hint Extra Hint Réponse % Correct
Forrest Gump Forrest Gump Tom Hanks
91%
Tyler Durden Fight Club Brad Pitt
87%
Padmé Amidala Star Wars (Episodes I, II, III) Natalie Portman
80%
Anna Scott Coup de foudre à Notting Hill Julia Roberts
73%
Mia Wallace Pulp Fiction Uma Thurman
70%
Commode Gladiator Joaquim Phoenix
64%
Oskar Schindler La Liste de Schindler Liam Neeson
62%
Clarice Starling Le Silence des Agneaux Jodie Foster
58%
Ellen Ripley Alien Sigourney Weaver
56%
William Somerset Seven Morgan Freeman
52%
Mary Jensen Mary à tout prix Cameron Diaz
51%
Catherine Tramell Basic Instinct Sharon Stone
49%
Nicholas Van Orton The Game Michael Douglas
43%
Annie Wilkes Misery Kathy Bates
42%
Sofia Serrano Vanilla Sky Penélope Cruz
41%
John Coffey (ou Caffey) La Ligne Verte Michael Clarke Duncan
37%
Marge Gunderson Fargo Frances McDormand
35%
Andy Dufresne Les Evades Tim Robins
31%
V / William Rockwood V pour Vendetta Hugo Weaving
27%
Edward "Ed" Dakota Identity John Cusack
25%
Aucun quiz correspondant
Distribution des résultats
% des personnes avec chaque résultat
Percentile par nombre de réponses
Votre historique - résultats
Vous n’avez pas pris ce quiz